Podstawy systemów informatycznych

Gespeichert in:
Bibliographische Detailangaben
Weitere Verfasser: Bromirski, Jerzy
Format: Buch
Sprache:Polnisch
Veröffentlicht: Warszawa Wydawnictwo naukowe 1982
Tags: Tag hinzufügen
Keine Tags, Fügen Sie das erste Tag hinzu!

MARC

LEADER 00000nam a2200000 4500
001 c113778
005 20230120081456.5
041 0 |a pol 
044 |a PL 
245 1 0 |a Podstawy systemów informatycznych  |c Praca zbiorowa pod. red. Jerzy Bromirskiego 
264 1 |a Warszawa  |b Wydawnictwo naukowe  |c 1982 
300 |a 256 s. 
700 1 |a Bromirski, Jerzy